000
00333pab a2200145 454500
008
180718b1989 xxu||||| |||| 00| 0 eng d
100
_a
Olugbade, Kola
245
_a
State of the state in the Third World
260
_c
1989
300
_a
16-32
362
_a
Jan.
650
_a
State, The
773
_a
Round Table
909
_a
18920
999
_c
18920
_d
18920